Φάκελος Κ. : μια έρευνα

Saved in:
Bibliographic Details
Main Author: Kertész, Imre, 1929-2016
Other Authors: Λαγουδάκου, Γιώτα (trlf [Μεταφράστρια])
Format: Book
Language:Greek
German
Published: [Αθήνα] : Καστανιώτης, 2007.
Series:Συγγραφείς απ' όλο τον κόσμο
Subjects:
Tags: Add Tag
No Tags, Be the first to tag this record!

MARC

LEADER 00000cam a2200000 i 4500
001 1/99238
008 081211s2007 gr | ||| |||| ||gre||
020 |a 9789600344387 
035 |l 10102387 
040 |a GR-MyUA  |b gre  |e AACR2 
041 1 |a gre  |h ger 
082 0 |a 894.51133  |2 (22) 
100 1 |a Kertész, Imre,   |d 1929-2016. 
245 1 0 |a Φάκελος Κ. :   |b μια έρευνα /   |c Ίμρε Κέρτες ; μετάφραση από τα γερμανικά ΓΙώτα Λαγουδάκου.  
260 |a [Αθήνα] :   |b Καστανιώτης,   |c 2007.  
300 |a 226 σ. ;   |c 21 εκ.  
490 1 |a (Συγγραφείς απ' όλο τον κόσμο)  
500 |a Μετάφραση από τα γερμανικά 
500 |a Τίτλος πρωτοτύπου: Dossier K.  
600 1 0 |a Kertész, Imre,   |d 1929-2016  |x Interviews. 
650 0 0 |a Authors, Hungarian  |y 21st century  |x Interviews. 
700 1 |a Λαγουδάκου, Γιώτα,  |e trlf [Μεταφράστρια] 
830 0 |a Συγγραφείς απ' όλο τον κόσμο 
852 |a INST  |b LESVOS  |e 20081211  |h 894.51133 KER  |p 005100043648  |q 005100043648  |t BK  |y 0 
901 |a BIBL1-2008-3 
909 |a Λ  |b 157498 
970 |a ΚΑΡΑ  |b ΓΙΑΣΕΜΗ  |z 2008/12/11